Thiết lập internet vạn vật trong doanh nghiệp Cẩm nang cho nhà lãnh đạo doanh nghiệp thời đại 4.0

Đề cập đến các cách thức vận dụng IoT (Internet vạn vật) trong thời điểm hiện tại và tương lai. Ứng dụng IOT vào tổ chức, quản lý cùng những sai lầm phổ biến và cách phòng tránh. Vấn đề an ninh IOT, các tiêu chuẩn và công nghệ để ứng d...

Full beskrivning

Sparad:
Bibliografiska uppgifter
Huvudupphovsman: Kranz, Maciej
Övriga upphovsmän: Đoàn, Đức Thuận
Materialtyp: Bok
Språk:Undetermined
Publicerad: H. Thế giới; Công ty Sách Alpha 2018
Ämnen:
Länkar:http://lrc.tdmu.edu.vn/opac/search/detail.asp?aID=2&ID=35237
Taggar: Lägg till en tagg
Inga taggar, Lägg till första taggen!
Thư viện lưu trữ: Trung tâm Học liệu Trường Đại học Thủ Dầu Một
LEADER 01210nam a2200229Ia 4500
001 TDMU_35237
008 210410s9999 xx 000 0 und d
082 |a 372.068 
090 |b K107 
100 |a Kranz, Maciej 
245 0 |a Thiết lập internet vạn vật trong doanh nghiệp 
245 0 |b Cẩm nang cho nhà lãnh đạo doanh nghiệp thời đại 4.0 
245 0 |c Maciej Kranz; Đoàn Đức Thuận (dịch) 
260 |a H. 
260 |b Thế giới; Công ty Sách Alpha 
260 |c 2018 
300 |a 337tr. 
520 |a Đề cập đến các cách thức vận dụng IoT (Internet vạn vật) trong thời điểm hiện tại và tương lai. Ứng dụng IOT vào tổ chức, quản lý cùng những sai lầm phổ biến và cách phòng tránh. Vấn đề an ninh IOT, các tiêu chuẩn và công nghệ để ứng dụng... 
650 |a Doanh nghiệp  |x Internet  |x Quản lý  |v Cẩm nang 
700 |a Đoàn, Đức Thuận 
856 |u http://lrc.tdmu.edu.vn/opac/search/detail.asp?aID=2&ID=35237 
980 |a Trung tâm Học liệu Trường Đại học Thủ Dầu Một